Normal view
MARC view
Entry Término temático
001 - NÚMERO DE CONTROL
- campo de control: 45869
003 - IDENTIFICADOR DEL NÚMERO DE CONTROL
- campo de control: OSt
005 - FECHA Y HORA DE LA ÚLTIMA TRANSACCIÓN
- campo de control: 20200615034111.0
008 - DATOS DE LONGITUD FIJA
- campo de control de longitud fija: 200615|| aca||aabn | a|a d
040 ## - FUENTE DE LA CATALOGACIÓN
- Centro catalogador/agencia de origen: OSt
- Centro/agencia transcriptor: OSt
150 ## - ENCABEZAMIENTO--TÉRMINO DE MATERIA
- Término de materia o nombre geográfico como elemento de entrada: EDUCACIÓN SECUNDARIA
- Subdivisión geográfica: VENEZUELA
- Subdivisión cronológica: SIGLO XX
670 ## - FUENTE DE DATOS ENCONTRADOS
- Cita de la fuente: Work cat.: (OSt)21667: Bigott, Luis Antonio, 45868, Ciencia, educación y positivismo en el siglo XIX venezolano /, 1995.
